Les origines de la vie /
Zapisane w:
| 1. autor: | |
|---|---|
| Format: | Książka |
| Język: | francuski |
| Wydane: |
París, Francia :
Presses Universitaires de France,
1956, c1950
|
| Wydanie: | 3a edición |
| Seria: | (Que Sais-je? ; Le Point des Connaissances Actuelles)
446. |
| Hasła przedmiotowe: | |
| Etykiety: |
Nie ma etykietki, Dołącz pierwszą etykiete!
|
MARC
| LEADER | 00000nam^a2200000^a^4500 | ||
|---|---|---|---|
| 001 | 000264186 | ||
| 005 | 20250521000000.0 | ||
| 009 | 20260310110637.847 | ||
| 037 | |a Acervo Xavier Clavigero | ||
| 041 | |a FRA | ||
| 082 | |a 577. |b CAR | ||
| 100 | |a Carles, Jules |e (autor) | ||
| 245 | 1 | 4 | |a Les origines de la vie / |c J. Carles. |
| 250 | |a 3a edición | ||
| 264 | 4 | |a París, Francia : |b Presses Universitaires de France, |c 1956, c1950 | |
| 300 | |a 126 p. | ||
| 336 | |a texto |b txt |2 rdacontenido | ||
| 337 | |a sin mediación |b n |2 rdamedio | ||
| 338 | |a volumen |b nc |2 rdasoporte | ||
| 440 | 1 | |a (Que Sais-je? ; |v 446. |p Le Point des Connaissances Actuelles) | |
| 649 | |a XX | ||
| 650 | |a Vida - |x Origen - |x Tema Principal | ||
| 650 | |a Vida (Biología) | ||
| 650 | |a Evolución | ||
| 910 | |a Fondo General | ||
| 920 | |a Impresos - Libros | ||
| 930 | |a Colección General | ||
| 905 | |a 101 | ||
| 901 | |a 013078 |b IT1 |c ACC |u 20250521 | ||
| 902 | |a https://opac.biblio.iteso.mx/vufind/Record/000264186 | ||